Educación Física: programa de estudio Octavo Año Básico, NB6

Saved in:
Bibliographic Details
Corporate Author: Ministerio de Educación (Author)
Format: Book
Language:Spanish
Published: Santiago Ministerio de Educación 2001
Series:Educación Básica, 8
Subjects:
Tags: Add Tag
No Tags, Be the first to tag this record!

MARC

LEADER 00000nam a2200000 a 4500
001 UCL7057
003 CL-VaPUC
008 040430e20010000CL |||||||||||||||||spa|d
020 |a 9567933774 
082 0 4 |a 372.86  |b MIN  |2 21 
110 2 |a Ministerio de Educación  |e author  |9 484796 
245 1 0 |a Educación Física: programa de estudio Octavo Año Básico, NB6 
300 |a 71 p 
942 |c BK 
945 |d 20040430 00:00:00  |a cmena 
260 |a Santiago  |b Ministerio de Educación  |c 2001 
650 0 |a Educación física  |9 240893 
650 0 |a Métodos de enseñanza  |9 270413 
650 0 |a Planificación del currículo  |9 269599 
650 0 |a Educación básica   |9 224933 
583 |a last modification  |c 20140401 07:39:30  |k Rodrigo Vera 
490 0 |a Educación Básica, 8 
999 |c 308921  |d 308919 
952 |0 0  |1 0  |4 0  |6 372_860000000000000_MIN_2001  |7 0  |8 R  |9 375865  |a BIBEDU  |b BIBEDU  |d 2019-11-21  |i 4011554  |o 372.86 MIN 2001  |p 4011554  |r 2019-11-21  |w 2019-11-21  |y BK_R  |k EFI 
952 |0 0  |1 0  |4 0  |6 372_860000000000000_MIN_2001  |7 0  |8 R  |9 375866  |a BIBEDU  |b BIBEDU  |d 2019-11-21  |i 392341K  |o 372.86 MIN 2001  |p 392341K  |r 2019-11-21  |w 2019-11-21  |y BK_R  |k BME 
952 |0 0  |1 0  |4 0  |6 372_860000000000000_MIN_2001  |7 0  |8 R  |9 375867  |a BIBEDU  |b BIBEDU  |d 2019-11-21  |i 4277554  |o 372.86 MIN 2001  |p 4277554  |r 2019-11-21  |w 2019-11-21  |y BK_R  |k EBA